| 000 | 00652nam a2200229 a 4500 | ||
|---|---|---|---|
| 008 | |||
| 020 | _a0434903906 (pbk.) | ||
| 049 | _aMAIN | ||
| 090 | _aHD31 | ||
| 100 | 1 | _aDrucker, Peter F. | |
| 245 | 1 | 0 |
_aManaging for results / _b Peter F. Drucker. |
| 260 |
_aOxford : _bHeinemann Professional, _c1989. |
||
| 300 |
_axi, 224 p. : _bill. ; _c24cm. |
||
| 500 | _aIncludes index. | ||
| 504 | _aIncludes bibliographicl references: p. 214-215. | ||
| 650 | 0 | _aManagement. | |
| 907 |
_a.b10073553 _b11-07-03 _c17-04-03 |
||
| 003 | |||
| 005 | 20230123133326.0 | ||
| 040 | _cNUST | ||
| 942 |
_cBOOKS _kHD31 |
||
| 999 |
_c146637 _d146637 |
||